[Event "First Saturday 2008 augusztus GM"]
[Site "Budapest"]
[Date "2008.08.09"]
[Round "8"]
[White "Eisenbeiser, Amadeus"]
[Black "Rajlich, Iweta"]
[Result "1-0"]
[WhiteElo "2434"]
[BlackElo "2417"]
[PlyCount "101"]
[EventDate "2008.08.02"]

1. d4 Nf6 2. Nf3 c5 3. c4 cxd4 4. Nxd4 e5 5. Nb5 d5 6. cxd5 a6 7. N5c3 b5 8.
Bg5 b4 9. Ne4 Bb7 10. e3 Be7 11. Bxf6 gxf6 12. Bc4 Nd7 13. Nbd2 Nb6 14. Bb3
Bxd5 15. Bxd5 Qxd5 16. Qf3 Rd8 17. O-O Na4 18. Nxf6+ Bxf6 19. Qxf6 Rg8 20. Nf3
e4 21. Ne5 Rd6 22. Rad1 Rxf6 23. Rxd5 Rg5 24. h4 Rh5 25. Rfd1 Re6 26. Rd8+ Ke7
27. R1d7+ Kf6 28. Nxf7 Re7 29. Ng5 Rxd7 30. Rxd7 Rxh4 31. Nxh7+ Kf5 32. Nf8
Nxb2 33. Rd6 Rh8 34. Ne6 Ra8 35. Nd4+ Ke5 36. Rb6 Nd3 37. Nc6+ Kd5 38. Nxb4+
Kc5 39. Rxa6 Rxa6 40. Nxa6+ Kb6 41. f4 Kxa6 42. g4 Nc5 43. f5 Kb5 44. g5 Nd7
45. g6 Nf6 46. g7 Ka4 47. Kg2 Ka3 48. Kg3 Nh5+ 49. Kg4 Nxg7 50. f6 Ne6 51. Kf5
1-0

[Event "First Saturday 2008 augusztus GM"]
[Site "Budapest"]
[Date "2008.08.10"]
[Round "9"]
[White "Duong The, Anh"]
[Black "Eisenbeiser, Amadeus"]
[Result "1/2-1/2"]
[WhiteElo "2445"]
[BlackElo "2434"]
[PlyCount "31"]
[EventDate "2008.08.02"]

1. d4 d6 2. g3 e5 3. dxe5 dxe5 4. Qxd8+ Kxd8 5. Bg2 f6 6. b3 c6 7. Bb2 Be6 8.
Nc3 Nd7 9. e3 Kc7 10. Nge2 Nh6 11. O-O-O Be7 12. h3 Nf5 13. Rd2 Rad8 14. Rhd1
Nb6 15. Rxd8 Rxd8 16. Rxd8 1/2-1/2

[Event "First Saturday 2008 augusztus GM"]
[Site "Budapest"]
[Date "2008.08.10"]
[Round "9"]
[White "Hirneise, Tobias"]
[Black "Gonzalez-Quevedo R., Vera"]
[Result "1/2-1/2"]
[WhiteElo "2481"]
[BlackElo "2493"]
[PlyCount "75"]
[EventDate "2008.08.02"]

1. e4 c5 2. Nf3 d6 3. d4 Nf6 4. Nc3 cxd4 5. Nxd4 a6 6. Be3 e6 7. Be2 Nbd7 8. g4
h6 9. Qd2 b5 10. a3 Bb7 11. f3 Rc8 12. O-O-O Nb6 13. h4 Nfd7 14. Nb3 Qc7 15.
Na5 Ba8 16. Bxb5 axb5 17. Nxb5 Qb8 18. Nxd6+ Bxd6 19. Qxd6 Qc7 20. Rh2 Nd5 21.
Qxc7 Nxc7 22. Nc4 Nb5 23. Rhd2 Rxc4 24. Rxd7 O-O 25. Rd8 Rc8 26. Rxc8 Rxc8 27.
a4 Nc7 28. Bb6 Na6 29. b3 f5 30. gxf5 exf5 31. exf5 Bxf3 32. Rd8+ Rxd8 33. Bxd8
Kf7 34. Bb6 Be4 35. c3 Bxf5 36. b4 g5 37. hxg5 hxg5 38. b5 1/2-1/2

[Event "First Saturday 2008 augusztus GM"]
[Site "Budapest"]
[Date "2008.08.10"]
[Round "9"]
[White "Nguyen Huynh Minh, Huy"]
[Black "Fogarasi, Tibor"]
[Result "1/2-1/2"]
[WhiteElo "2477"]
[BlackElo "2429"]
[PlyCount "55"]
[EventDate "2008.08.02"]

1. Nf3 Nf6 2. c4 g6 3. Nc3 d5 4. cxd5 Nxd5 5. Qa4+ Nc6 6. Ne5 Ndb4 7. a3 Bg7 8.
axb4 Bxe5 9. b5 Nb8 10. e3 Bg7 11. Be2 O-O 12. d4 a6 13. O-O c6 14. bxc6 Nxc6
15. Qb3 a5 16. Bd2 Nb4 17. Bc4 b6 18. Nb5 Nc6 19. Bd5 Bb7 20. Bf3 Qd7 21. Rfc1
Rab8 22. Ra4 e5 23. Rac4 Nb4 24. Rc7 Qxb5 25. Bxb7 exd4 26. exd4 Bxd4 27. Bxb4
Qxb4 28. Qxb4 1/2-1/2

[Event "First Saturday 2008 augusztus GM"]
[Site "Budapest"]
[Date "2008.08.10"]
[Round "9"]
[White "Hansen Torbjorn, Ringdal"]
[Black "Kosic, Dragan"]
[Result "0-1"]
[WhiteElo "2423"]
[BlackElo "2516"]
[PlyCount "86"]
[EventDate "2008.08.02"]

1. e4 e6 2. d4 d5 3. Nd2 c5 4. exd5 Qxd5 5. Ngf3 cxd4 6. Bc4 Qd6 7. O-O Nf6 8.
Nb3 Nc6 9. Nbxd4 Nxd4 10. Nxd4 a6 11. Re1 Qc7 12. Bb3 Bd6 13. Nf5 Bxh2+ 14. Kh1
O-O 15. Nxg7 Kxg7 16. Qd2 Ng8 17. g3 Bxg3 18. fxg3 b5 19. Kh2 Qc5 20. Qe2 Nf6
21. Rf1 Bb7 22. Rf4 Rad8 23. Be3 Qe5 24. Raf1 Ne4 25. c3 f5 26. Bd4 Rxd4 27.
cxd4 Qd6 28. Qe3 Rf6 29. Rh4 Rg6 30. Qf4 Nxg3 31. Re1 Qxf4 32. Rxf4 Ne4 33. d5
Rh6+ 34. Kg1 Rg6+ 35. Kh2 Rh6+ 36. Kg1 Nc5 37. Rc1 Nxb3 38. Rc7+ Kf6 39. Rxb7
Nc5 40. Rb6 Ke5 41. b4 Rg6+ 42. Kf1 Nd7 43. Rxe6+ Kxf4 0-1

[Event "First Saturday 2008 augusztus GM"]
[Site "Budapest"]
[Date "2008.08.11"]
[Round "10"]
[White "Kosic, Dragan"]
[Black "Genutis, Mindaugas"]
[Result "1-0"]
[WhiteElo "2516"]
[BlackElo "2317"]
[PlyCount "65"]
[EventDate "2008.08.02"]

1. d4 d5 2. c4 c6 3. Nc3 dxc4 4. e4 b5 5. a4 b4 6. Nce2 Nf6 7. Ng3 Ba6 8. Nf3
e6 9. Be2 Be7 10. O-O O-O 11. Bf4 c5 12. Rc1 c3 13. bxc3 bxc3 14. Bxa6 Nxa6 15.
Rxc3 Qa5 16. Rc4 Nb4 17. Qb3 Qb6 18. dxc5 Bxc5 19. Qc3 Na6 20. Be5 Ng4 21. Bxg7
Bxf2+ 22. Kh1 Bxg3 23. Bxf8 Rxf8 24. hxg3 Nf2+ 25. Kh2 Ng4+ 26. Kh3 Nf2+ 27.
Rxf2 Qxf2 28. Qa5 Kh8 29. Qe5+ f6 30. Qxe6 Nb8 31. Rc8 Rxc8 32. Qxc8+ Kg7 33.
Qxb8 1-0

[Event "First Saturday 2008 augusztus GM"]
[Site "Budapest"]
[Date "2008.08.11"]
[Round "10"]
[White "Lorscheid, Gerhard"]
[Black "Hansen Torbjorn, Ringdal"]
[Result "1/2-1/2"]
[WhiteElo "2348"]
[BlackElo "2423"]
[PlyCount "23"]
[EventDate "2008.08.02"]

1. d4 Nf6 2. c4 e6 3. Nc3 Bb4 4. Qc2 d5 5. a3 Bxc3+ 6. Qxc3 Ne4 7. Qc2 c5 8.
dxc5 Nc6 9. e3 Qa5+ 10. Bd2 Nxd2 11. Qxd2 Qxc5 12. cxd5 1/2-1/2

[Event "First Saturday 2008 augusztus GM"]
[Site "Budapest"]
[Date "2008.08.11"]
[Round "10"]
[White "Gonzalez-Quevedo R., Vera"]
[Black "Nguyen Huynh Minh, Huy"]
[Result "1-0"]
[WhiteElo "2493"]
[BlackElo "2477"]
[PlyCount "119"]
[EventDate "2008.08.02"]

1. d4 d5 2. c4 c6 3. Nc3 Nf6 4. e3 a6 5. Nf3 e6 6. b3 Bb4 7. Bd2 Nbd7 8. Bd3
O-O 9. O-O Bd6 10. Qc2 h6 11. Ne2 e5 12. cxd5 cxd5 13. dxe5 Nxe5 14. Nxe5 Bxe5
15. Bc3 Qe7 16. Rac1 Bd7 17. Bxe5 Qxe5 18. Qc7 Qxc7 19. Rxc7 Rab8 20. Nd4 Rfc8
21. Rfc1 Ne8 22. R7c5 Kf8 23. Bf5 Bxf5 24. Nxf5 Rxc5 25. Rxc5 Rd8 26. g4 g6 27.
Nd4 Ke7 28. Ne2 Kd6 29. Rc2 Nc7 30. f3 Ne6 31. Kf2 Rd7 32. h4 Rd8 33. Ng3 d4
34. exd4 Ke7 35. Ne2 Nxd4 36. Rc7+ Ke6 37. Rxb7 Nxe2 38. Rb6+ Ke5 39. Kxe2 Kf4
40. Rxa6 Kg3 41. Rf6 Kxh4 42. Rxf7 Ra8 43. a4 Rb8 44. Rg7 Kg5 45. Rd7 Rxb3 46.
Rd3 Rb4 47. Ra3 Kf4 48. a5 Rb2+ 49. Kf1 Kg3 50. a6 Rb8 51. a7 Ra8 52. Ke2 h5
53. gxh5 gxh5 54. Ra4 Re8+ 55. Kf1 Ra8 56. f4 Kg4 57. Kf2 h4 58. Kg2 h3+ 59.
Kh2 Kh4 60. f5+ 1-0

[Event "First Saturday 2008 augusztus GM"]
[Site "Budapest"]
[Date "2008.08.11"]
[Round "10"]
[White "Eisenbeiser, Amadeus"]
[Black "Hirneise, Tobias"]
[Result "1/2-1/2"]
[WhiteElo "2434"]
[BlackElo "2481"]
[PlyCount "57"]
[EventDate "2008.08.02"]

1. d4 Nf6 2. Nf3 g6 3. c4 Bg7 4. Nc3 O-O 5. e4 d6 6. h3 e5 7. d5 a5 8. Bg5 Na6
9. Bd3 Bd7 10. g4 c6 11. Qe2 Nc5 12. Bc2 a4 13. O-O-O Qa5 14. Bd2 Qc7 15. Kb1
cxd5 16. cxd5 b5 17. a3 Rab8 18. Na2 Kh8 19. Nb4 Ng8 20. Nh4 Qc8 21. Ka2 Qd8
22. Ng2 f5 23. gxf5 gxf5 24. exf5 Nb3 25. Bc3 Ne7 26. Ne3 Nd4 27. Bxd4 exd4 28.
f6 Rxf6 29. Rxd4 1/2-1/2

[Event "First Saturday 2008 augusztus GM"]
[Site "Budapest"]
[Date "2008.08.11"]
[Round "10"]
[White "Rajlich, Iweta"]
[Black "Duong The, Anh"]
[Result "0-1"]
[WhiteElo "2417"]
[BlackElo "2445"]
[PlyCount "88"]
[EventDate "2008.08.02"]

1. d4 Nf6 2. c4 c6 3. Nc3 d5 4. e3 a6 5. c5 e5 6. dxe5 Nfd7 7. f4 Nxc5 8. Nf3
Be7 9. Qc2 a5 10. b3 Qb6 11. Na4 Nxa4 12. bxa4 Na6 13. Nd4 Qc5 14. Qb3 Qb4+ 15.
Bd2 Qxb3 16. axb3 Nc5 17. Rc1 g6 18. Be2 Ne4 19. Bd3 Nxd2 20. Kxd2 f6 21. exf6
Bxf6 22. h4 Bg4 23. Be2 Bxe2 24. Kxe2 Kd7 25. Nf3 Rae8 26. Kd3 Re4 27. Nd2 Rb4
28. g4 h5 29. Rhg1 hxg4 30. Rxg4 Rxh4 31. Rxg6 Ke7 32. Rc5 Rh3 33. Ke2 Rxe3+
34. Kxe3 Bd4+ 35. Kd3 Bxc5 36. Rg7+ Ke6 37. Rh7 Rd4+ 38. Kc3 Rxf4 39. Rxb7 Rf2
40. Nb1 Bb4+ 41. Rxb4 Rf3+ 42. Kd4 axb4 43. Nd2 Rc3 44. Ne4 dxe4 0-1

[Event "First Saturday 2008 augusztus GM"]
[Site "Budapest"]
[Date "2008.08.12"]
[Round "11"]
[White "Hirneise, Tobias"]
[Black "Rajlich, Iweta"]
[Result "1/2-1/2"]
[WhiteElo "2481"]
[BlackElo "2417"]
[PlyCount "151"]
[EventDate "2008.08.02"]

1. e4 e6 2. d4 d5 3. Nc3 Bb4 4. e5 c5 5. a3 Bxc3+ 6. bxc3 Qa5 7. Bd2 Qa4 8. Qb1
c4 9. h4 Nc6 10. Nf3 Bd7 11. h5 O-O-O 12. h6 gxh6 13. Be2 Qa5 14. Qb2 f5 15.
Rb1 b6 16. Bf4 Be8 17. Kf1 Qa4 18. g3 Rd7 19. Kg2 Bg6 20. Rh3 Kb7 21. Rbh1 Nd8
22. Bd1 Rg7 23. Qb4 Qe8 24. Ng1 a5 25. Qb2 Nf7 26. Nf3 Qa4 27. Be2 Ne7 28. Rxh6
Nxh6 29. Bxh6 Rgg8 30. Bg5 Re8 31. Bf6 Nc8 32. Bxh8 Rxh8 33. Ng5 Qe8 34. Qc1
Na7 35. Nh3 Nb5 36. Qb2 Nc7 37. Nf4 Ka7 38. Rb1 Qc6 39. a4 Be8 40. Ra1 h5 41.
Qa3 h4 42. Qe7 Qd7 43. Qxd7 Bxd7 44. Ng6 Rg8 45. Nxh4 b5 46. Kf3 bxa4 47. Ke3
f4+ 48. Kxf4 Nb5 49. g4 Nxc3 50. Bf3 Rh8 51. Ng6 Rg8 52. Nh4 Rb8 53. g5 Rb1 54.
Rxb1 Nxb1 55. g6 Be8 56. g7 Bf7 57. Bh5 Bg8 58. Ng6 a3 59. Ne7 a2 60. Nxg8 a1=Q
61. Nf6 Qxd4+ 62. Kf3 Qxe5 63. g8=Q Qxf6+ 64. Kg2 Kb7 65. Qe8 Kc7 66. Bd1 Nd2
67. Qb5 Ne4 68. Qxa5+ Kc6 69. Qa6+ Kc5 70. Qa3+ Kb5 71. f3 Nc5 72. Qa7 Qd8 73.
Kh3 d4 74. Qa1 c3 75. Qb1+ Kc6 76. Qb4 1/2-1/2

[Event "First Saturday 2008 augusztus GM"]
[Site "Budapest"]
[Date "2008.08.12"]
[Round "11"]
[White "Dinger, Florian"]
[Black "Gonzalez-Quevedo R., Vera"]
[Result "1/2-1/2"]
[WhiteElo "2333"]
[BlackElo "2493"]
[PlyCount "20"]
[EventDate "2008.08.02"]

1. e4 c5 2. Nf3 e6 3. d4 cxd4 4. Nxd4 Nf6 5. Bd3 Nc6 6. Nxc6 dxc6 7. O-O e5 8.
Nd2 Bc5 9. Nc4 Qe7 10. a4 Bg4 1/2-1/2

[Event "First Saturday 2008 augusztus GM"]
[Site "Budapest"]
[Date "2008.08.13"]
[Round "12"]
[White "Gonzalez-Quevedo R., Vera"]
[Black "Hansen Torbjorn, Ringdal"]
[Result "1/2-1/2"]
[WhiteElo "2493"]
[BlackElo "2423"]
[PlyCount "46"]
[EventDate "2008.08.02"]

1. d4 Nf6 2. c4 e6 3. Nc3 Bb4 4. Qc2 d5 5. cxd5 exd5 6. Bg5 h6 7. Bh4 c5 8.
dxc5 g5 9. Bg3 Ne4 10. e3 Qa5 11. Nge2 Bf5 12. Bxb8 Rxb8 13. Nd4 Bd7 14. Bd3
Bxc3+ 15. bxc3 Qxc3+ 16. Qxc3 Nxc3 17. Kd2 Na4 18. h4 Ke7 19. Rac1 Rhc8 20. Nb3
g4 21. Rc2 Rc7 22. Rhc1 Rbc8 23. Ke2 Kf6 1/2-1/2

[Event "First Saturday 2008 augusztus GM"]
[Site "Budapest"]
[Date "2008.08.13"]
[Round "12"]
[White "Rajlich, Iweta"]
[Black "Nguyen Huynh Minh, Huy"]
[Result "1/2-1/2"]
[WhiteElo "2417"]
[BlackElo "2477"]
[PlyCount "35"]
[EventDate "2008.08.02"]

1. d4 d5 2. c4 c6 3. e3 Nf6 4. Nc3 a6 5. a4 e6 6. Nf3 c5 7. Ne5 Nc6 8. Be2 Bd6
9. Nxc6 bxc6 10. dxc5 Bxc5 11. O-O a5 12. cxd5 cxd5 13. e4 dxe4 14. Bb5+ Bd7
15. Qe2 O-O 16. Bg5 Bxb5 17. axb5 Qd3 18. Qe1 1/2-1/2

[Event "First Saturday 2008 augusztus GM"]
[Site "Budapest"]
[Date "2008.08.14"]
[Round "13"]
[White "Dinger, Florian"]
[Black "Rajlich, Iweta"]
[Result "0-1"]
[WhiteElo "2333"]
[BlackElo "2417"]
[PlyCount "116"]
[EventDate "2008.08.02"]

1. e4 e6 2. d4 d5 3. Nc3 Bb4 4. e5 c5 5. a3 Bxc3+ 6. bxc3 Qa5 7. Bd2 Qa4 8. Qb1
c4 9. h4 Nc6 10. h5 Bd7 11. Ne2 O-O-O 12. h6 gxh6 13. g4 f6 14. f4 h5 15. gxh5
Nh6 16. Bh3 Rhg8 17. Qb2 f5 18. Kf2 Be8 19. Bf1 Rd7 20. Be1 Ng4+ 21. Kf3 Rc7
22. Ra2 Nb8 23. Ng3 Na6 24. Be2 Nc5 25. Nf1 Ne4 26. Ne3 Nh6 27. Bf1 Rcg7 28.
Ke2 Rg1 29. Rh2 Bf7 30. Bg2 R8xg2+ 31. Nxg2 Ng4 32. Rh3 Rxg2+ 33. Kf1 Rh2 34.
Rxh2 Nxh2+ 35. Kg2 Ng4 36. Qb4 Qxb4 37. axb4 Kb8 38. Kh3 Ne3 39. h6 Bh5 40. Bh4
Bg4+ 41. Kh2 Nxc3 42. Ra3 Ncd1 43. c3 b6 44. Kg3 Nf1+ 45. Kg2 Nd2 46. Be1 Nb1
47. Ra1 Nbxc3 48. Kg3 Ne4+ 49. Kh4 Ne3 50. Ra2 c3 51. Bxc3 Nxc3 52. Ra3 Ned1
53. Ra1 Ne4 54. b5 Ne3 55. Ra2 Bf3 56. Ra3 Ng2+ 57. Kh3 Nxf4+ 58. Kh4 Bg4 0-1

[Event "First Saturday 2008 augusztus GM"]
[Site "Budapest"]
[Date "2008.08.14"]
[Round "13"]
[White "Cabrera Trujillo, Jorge"]
[Black "Fogarasi, Tibor"]
[Result "1/2-1/2"]
[WhiteElo "2423"]
[BlackElo "2429"]
[PlyCount "26"]
[EventDate "2008.08.02"]

1. e4 c5 2. Nf3 e6 3. d4 cxd4 4. Nxd4 Qb6 5. Nb5 a6 6. Be3 Qa5+ 7. N5c3 b5 8.
Nd2 Qc7 9. a4 b4 10. Na2 Nc6 11. Nc1 Nf6 12. Ncb3 d5 13. Bd3 Bd6 1/2-1/2